ARRUPE JESUIT UNIVERSITY

CORONAVIRUS -STOP THE SPREAD - CLEAN,DISINFECT,COVER

Mother Teresa / (Record no. 119133)

MARC details
000 -LEADER
fixed length control field 01108cam a2200301 a 4500
001 - CONTROL NUMBER
control field 1617463
003 - CONTROL NUMBER IDENTIFIER
control field ARRUPE
005 - DATE AND TIME OF LATEST TRANSACTION
control field 20131206135220.0
008 - FIXED-LENGTH DATA ELEMENTS--GENERAL INFORMATION
fixed length control field 950922s1995 nyu 000 0aeng
010 ## - LIBRARY OF CONGRESS CONTROL NUMBER
LC control number 95044084
020 ## - INTERNATIONAL STANDARD BOOK NUMBER
International Standard Book Number 0345397452
040 ## - CATALOGING SOURCE
Original cataloging agency DLC
Transcribing agency DLC
Modifying agency DLC
043 ## - GEOGRAPHIC AREA CODE
Geographic area code a-ii---
050 00 - LIBRARY OF CONGRESS CALL NUMBER
Classification number BX4406.5.Z8
Item number A3 1995
300 ## - PHYSICAL DESCRIPTION
Dimensions 21 cm.
100 0# - MAIN ENTRY--PERSONAL NAME
Personal name Vardey, Lucinda.
Titles and other words associated with a name Mother Teresa
Dates associated with a name 1910-1997.
9 (RLIN) 5325
245 12 - TITLE STATEMENT
Title Mother Teresa /
Statement of responsibility, etc compiled by Lucinda Vardey.
Remainder of title A simple path
250 ## - EDITION STATEMENT
Edition statement 1st American ed.
260 ## - PUBLICATION, DISTRIBUTION, ETC. (IMPRINT)
Place of publication, distribution, etc New York :
Name of publisher, distributor, etc Ballantine Books,
Date of publication, distribution, etc 1995.
300 ## - PHYSICAL DESCRIPTION
Extent xxxviii, 202 p. ;
600 00 - SUBJECT ADDED ENTRY--PERSONAL NAME
Personal name Teresa,
Titles and other words associated with a name Mother,
Dates associated with a name 1910-1997.
9 (RLIN) 5326
610 20 - SUBJECT ADDED ENTRY--CORPORATE NAME
Corporate name or jurisdiction name as entry element Missionaries of Charity
Form subdivision Biography.
9 (RLIN) 5327
650 #0 - SUBJECT ADDED ENTRY--TOPICAL TERM
Topical term or geographic name as entry element Nuns
Geographic subdivision India
-- Kolkata
Form subdivision Biography.
9 (RLIN) 5328
700 1# - ADDED ENTRY--PERSONAL NAME
Personal name Vardey, Lucinda.
9 (RLIN) 5329
856 42 - ELECTRONIC LOCATION AND ACCESS
Materials specified Publisher description
Uniform Resource Identifier <a href="http://www.loc.gov/catdir/description/random0412/95044084.html">http://www.loc.gov/catdir/description/random0412/95044084.html</a>
906 ## - LOCAL DATA ELEMENT F, LDF (RLIN)
a 7
b cbc
c orignew
d 1
e ocip
f 19
g y-gencatlg
942 ## - ADDED ENTRY ELEMENTS (KOHA)
Source of classification or shelving scheme Library of Congress Classification
Koha item type Monograph ( Printed materials)
Holdings
Withdrawn status Lost status Source of classification or shelving scheme Damaged status Not for loan Collection code Home library Current library Shelving location Date acquired Total Checkouts Full call number Barcode Date last seen Price effective from Koha item type
    Library of Congress Classification     Main Collection ARRUPE LIBRARY ARRUPE LIBRARY Main Collection 06/12/2013   BX4406.5.Z8 A3 1995 46411775 22/11/2017 06/12/2013 Monograph ( Printed materials)

 

Arrupe Library. PO Box MP320 Mt Pleasant, Harare, Zimbabwe
263 242 745411|librarian@aju.ac.zw